Pokédex d'Extra Illumis (Légendes Pokémon: Z-A) - Statistiques

Statistiques générales
  • Ce quiz a été pris 37 fois
  • Le résultat moyen est 77 sur 132
Statistiques - réponses
Numéro Pokémon % Correct
129 Groudon
89%
128 Kyogre
89%
014 Pimito
89%
130 Rayquaza
89%
015 Scovilain
89%
132 Zeraora
89%
115 Cobaltium
83%
083 Étouraptor
83%
082 Étourvol
83%
126 Latias
83%
127 Latios
83%
116 Terrakium
83%
117 Viridium
83%
044 Braségali
78%
087 Crabagarre
78%
088 Crabominable
78%
125 Darkrai
78%
081 Étourmi
78%
043 Galifeu
78%
113 Heatran
78%
121 Hoopa
78%
031 Nigirigon
78%
042 Poussifeu
78%
039 Arcko
72%
002 Colossinge
72%
003 Courrousinge
72%
001 Férosinge
72%
046 Flobio
72%
045 Gobou
72%
072 Golemastoc
72%
071 Gringolem
72%
041 Jungko
72%
118 Keldeo
72%
047 Laggron
72%
040 Massko
72%
030 Oyacata
72%
114 Volcanion
72%
080 Briochien
67%
007 Canarticho
67%
098 Carmadura
67%
097 Charbambin
67%
051 Éoko
67%
032 Frigodo
67%
050 Korillon
67%
131 Magearna
67%
099 Malvalame
67%
122 Marshadow
67%
008 Palarticho
67%
079 Pâtachiot
67%
037 Qwilfish
67%
038 Qwilpik
67%
033 Cryodo
61%
021 Floréclat
61%
120 Genesect
61%
020 Germéclat
61%
034 Glaivodo
61%
119 Meloetta
61%
004 Miaouss
61%
022 Motisma
61%
005 Persian
61%
048 Barpau
56%
006 Berserkatt
56%
101 Dogrino
56%
036 Gromago
56%
100 Grondogue
56%
027 Kecleon
56%
049 Milobellus
56%
068 Mimiqui
56%
035 Mordudor
56%
103 Salarsen
56%
063 Sarmuraï
56%
062 Sovkipou
56%
102 Toxizap
56%
028 Flamenroule
50%
018 Forgelina
50%
016 Forgerette
50%
091 Gigansel
50%
069 Hachécateur
50%
067 Krakos
50%
124 Melmetal
50%
123 Meltan
50%
019 Motorizard
50%
095 Nosferalto
50%
094 Nosferapti
50%
096 Nostenfer
50%
010 Ossatueur
50%
009 Osselait
50%
011 Porygon
50%
012 Porygon 2
50%
013 Porygon-Z
50%
066 Poulpaf
50%
089 Selutin
50%
086 Tapatoès
50%
090 Amassel
44%
053 Chacripan
44%
017 Forgella
44%
112 Gaulet
44%
104 Gribouraigne
44%
078 Grodoudou
44%
085 Groret
44%
057 Judokrak
44%
058 Karaclée
44%
054 Léopardus
44%
110 M.Glaquette
44%
070 Morpeko
44%
077 Rondoudou
44%
107 Séviper
44%
084 Spoink
44%
105 Tag-Tag
44%
076 Toudoudou
44%
111 Trompignon
44%
059 Tutafeh
44%
060 Tutankafer
44%
061 Tutétékri
44%
074 Bleuseille
39%
075 Corvaillus
39%
064 Goupilou
39%
029 Hexagel
39%
106 Mangriff
39%
073 Minisange
39%
109 M.Mime
39%
055 Munna
39%
056 Mushana
39%
065 Roublenard
39%
024 Tomberro
39%
023 Toutombe
39%
025 Bacabouh
33%
108 Mime Jr.
33%
026 Trépassable
33%
052 Wimessir
33%
093 Avaltout
28%
092 Gloupti
28%
Aucun quiz correspondant
Distribution des résultats
% des personnes avec chaque résultat
Percentile par nombre de réponses
Votre historique - résultats
Vous n’avez pas pris ce quiz